| 000 | 00366nam a22001577a 4500 | ||
|---|---|---|---|
| 003 | MACL | ||
| 005 | 20151121132755.0 | ||
| 008 | 151121b xxu||||| |||| 00| 0 eng d | ||
| 040 | _cMACL | ||
| 041 | _aEnglish | ||
| 082 | _a821/BAN | ||
| 100 |
_aBanerjee,Sumanta _917719 |
||
| 245 | _aThema Book of Naxalite Poetry | ||
| 650 |
_aPoetry _917720 |
||
| 942 |
_2ddc _cBK |
||
| 999 |
_c50809 _d50809 |
||